| 000 | 00511 a2200181 4500 | ||
|---|---|---|---|
| 999 |
_c8043 _d8043 |
||
| 010 | _aENG-88314 | ||
| 020 |
_a8181575679 _c150.00 |
||
| 035 | _aEN-71847 | ||
| 037 | _bDBAD / PUB | ||
| 082 | 1 | 4 | _a881 |
| 100 | _aRoche, Paul | ||
| 245 | 1 |
_aGardening with a poet/ _cby Paul Roche |
|
| 260 |
_aKolkata _bWriters Workshop _c2006 |
||
| 270 |
_a162/92, Lake Gardens, _bKolkata _e700 045 |
||
| 300 |
_a60p. _c22cm (Hb) |
||
| 490 | _aWriters workshop greybird book | ||
| 942 |
_adpl _cEN _2ddc _h881 _mROC |
||